00703nam a2200181 i 450000100060000000300090000600500170001500700030003200800410003510000460007624501020012226000780022430000180030250000320032085200310035299900170038395201210040077161ES-MaACL20230906173113.0t|041007s1971 sp ||||1| spa d1 aGutiérrez García, José Luis.96115210aConceptos fundamentales en la Doctrina social de la Iglesia / cJosé Luis Gutiérrez García. aMadrid : bCentro de Estudios Sociales del Valle de los Caídos,c[1971] av. ; c25 cm. aSon los v. 1º, 2º, y 4º. aES-MaACLjP-1554 bR.77096 c77161d77161 00104070aATENEOMbATENEOMcDEPO2d2008-01-17eSCl0oP-1554p1080734r2023-02-23 00:00:00w2023-02-23yMONOGRAFIA